header

Web-teaching (Record no. 66307)

MARC details
000 -LEADER
fixed length control field 01596nam a2200397Ia 4500
082 04 - DEWEY DECIMAL CLASSIFICATION NUMBER
Classification number 371.33/44678
100 1# - MAIN ENTRY--AUTHOR NAME
Personal name Brooks, David W.
245 10 - TITLE STATEMENT
Title Web-teaching
250 ## - EDITION STATEMENT
Edition statement 2nd ed.
260 ## - PUBLICATION, DISTRIBUTION, ETC. (IMPRINT)
Place of publication New York :
Name of publisher Kluwer Academic/Plenum,
Year of publication c2001.
300 ## - PHYSICAL DESCRIPTION
Number of Pages xxiv, 356 p. :
Other physical details ill.
490 1# - SERIES STATEMENT
Series statement Innovations in science education and technology
650 #0 - SUBJECT ADDED ENTRY--TOPICAL TERM
Topical Term Teaching
Topical Term World Wide Web.
Topical Term Interactive multimedia.
Topical Term Science
700 1# - ADDED ENTRY--PERSONAL NAME
Personal name Nolan, Diane E.
Personal name Gallagher, Susan M.
856 40 - ELECTRONIC LOCATION AND ACCESS
Uniform Resource Identifier http://site.ebrary.com/lib/rucke/Doc?id=10053374

No items available.

© 2026 Rongo University
Contact us: librarian | system librarian | Rongo university